| 000 | 00791cam a22002411a 4500 | ||
|---|---|---|---|
| 001 | rc 01002159 | ||
| 003 | DLC | ||
| 005 | 20260227111905.0 | ||
| 008 | 830818s1880 ohua 000 0ceng | ||
| 010 | _arc 01002159 | ||
| 035 | _a(OCoLC)9819119 | ||
| 040 |
_aDLC _cMnHi _dOCoLC _dO _dDLC |
||
| 042 | _apremarc | ||
| 050 | 0 | 0 |
_aF497.A9 _bS9 |
| 100 | 1 | _aSutton, Robert. | |
| 245 | 1 | 0 |
_aHistory of Auglaize County, Ohio : _bwith the Indian history of Wapakoneta, and the first settlement of the county. |
| 260 |
_aWapakoneta, [Ohio] : _bRobert Sutton, _c1880. |
||
| 300 |
_aviii, [13]-206 p. : _bill. ; _c21 cm. |
||
| 500 | _aPreface signed: R.S. | ||
| 650 | 0 |
_aIndians of North America _zOhio. |
|
| 651 | 0 |
_aAuglaize County (Ohio) _xHistory. |
|
| 651 | 0 |
_aAuglaize County (Ohio) _vBiography. |
|
| 999 |
_c52252 _d52252 |
||